Meaning in the urban environment (Record no. 7466)

MARC details
000 -LEADER
fixed length control field 00611nam a22002177a 4500
003 - CONTROL NUMBER IDENTIFIER
control field OSt
005 - DATE AND TIME OF LATEST TRANSACTION
control field 20211112154637.0
008 - FIXED-LENGTH DATA ELEMENTS--GENERAL INFORMATION
fixed length control field 211112b ||||| |||| 00| 0 eng d
020 ## - INTERNATIONAL STANDARD BOOK NUMBER
International Standard Book Number 0415418321
040 ## - CATALOGING SOURCE
Transcribing agency DDC
082 ## - DEWEY DECIMAL CLASSIFICATION NUMBER
Classification number 307.76 KRA 2007
100 ## - MAIN ENTRY--PERSONAL NAME
Personal name Krampen, M
9 (RLIN) 15292
245 ## - TITLE STATEMENT
Title Meaning in the urban environment
260 ## - PUBLICATION, DISTRIBUTION, ETC. (IMPRINT)
Place of publication, distribution, etc. London :
Name of publisher, distributor, etc. Routledge;
Date of publication, distribution, etc. 2007.
300 ## - PHYSICAL DESCRIPTION
Extent 365 p. :
Other physical details ill. ;
Dimensions 24 cm
504 ## - BIBLIOGRAPHY, ETC. NOTE
Bibliography, etc Includes index
650 ## - SUBJECT ADDED ENTRY--TOPICAL TERM
Topical term or geographic name as entry element Cities and towns -- Psychological aspects
9 (RLIN) 15293
650 ## - SUBJECT ADDED ENTRY--TOPICAL TERM
Topical term or geographic name as entry element Semiotics
9 (RLIN) 15294
650 ## - SUBJECT ADDED ENTRY--TOPICAL TERM
Topical term or geographic name as entry element Symbolism in architecture.
9 (RLIN) 15295
942 ## - ADDED ENTRY ELEMENTS (KOHA)
Source of classification or shelving scheme Dewey Decimal Classification
Koha item type Book
Holdings
Withdrawn status Lost status Source of classification or shelving scheme Damaged status Not for loan Home library Current library Date acquired Source of acquisition Inventory number Total Checkouts Full call number Barcode Date last seen Price effective from Koha item type
    Dewey Decimal Classification     MUST Main Library MUST Main Library 12/11/2021 Purchase 15/39453   307.76 KRA 2007 2021-1671 12/11/2021 12/11/2021 Book